Personnages - Ici tout commence - Statistiques

Statistiques générales
  • Ce quiz a été pris 1 248 fois
    578 depuis la dernière actualisation
  • Le résultat moyen est 40 sur 56
Statistiques - réponses
Hint Nom Réponse % Correct
2 Professeur + fille du fondateur Armand Clotilde
97%
1 Fondateur de l'école Armand Auguste
96%
5 Directrice du master + fille de n°1 Latour Rose
96%
6 Directeur adjoint Myriel Antoine
94%
9 Fils caché de n°1 et n°8 Guinot Louis
92%
19 Chef du double A Grimbert Anaïs
91%
10 Directeur de l'institut Teyssier Emmanuel
91%
11 Infirmière de l'institut Teyssier Constance
90%
28 Élève de l'institut en master Lanneau Lionel
89%
8 Professeur de cuisine Guinot Claire
87%
23 Élève du master ayant changé de nom Lopez Enzo
86%
36 Élève ayant un enfant + grandit dans une secte Kasmi Jasmine
86%
24 Élève du master ayant ouvert son restaurant à Dinar Dekkens Salomé
86%
12 Ancien chef du double A + fils de n°10 et 11 Teyssier Theo
86%
30 Professeur de cuisine + femme de n°29 Rochemont Hortense
85%
29 Élève de 3ème année ayant un dessert signature Mabsoute Mehdi
85%
41 Élève + ancien vidéaste ASMR Azem Tom
85%
31 Élève ayant eu un cancer + sœur de n°30 Rochemont Victorine
84%
13 Ancienne élève + Fille de n°10 & 11 Teyssier Charlène
83%
26 Ancienne élève + fille de n°25 & 27 Rigaut Kelly
83%
50 Élève + fille de n°5 Furiani Carla
81%
43 Élève + en couple avec n°41 Coudert Billie
80%
20 Élève parti à Tokyo Delobel Greg
80%
22 Élève parti à Tokyo + mari de n°20 Prévost Eliott
79%
49 Élève + ancien militaire ayant déserté + fils de n°46 Leroy Jim
79%
18 Élève parti aux États-Unis Delcourt Maxime
79%
7 élève + fils de n°6 Myriel Souleymane
79%
54 Élève réservée + sœur de n°11 Leblond Bérénice
76%
42 Élève + sœur de n°28 et 47 + petite-amie de n°35 Lanneau Zoé
76%
52 Prof de sport de l'institut + petit-ami de n°53 Rivière Gaetan
74%
46 Professeur ayant fait le tour du monde Leroy Marc
72%
53 Professeur de pâtisserie surnommée "Iceberg" Wiesberg Alice
71%
35 Élève de l'institut ayant déjà raté 1 fois le concours Fayet Solal
71%
4 Fils de n°2 & 3 Devaut Jeremy
70%
56 Professeur de salle succédant à son père n°55 Du Chesnay Stanislas
70%
17 Professeur végane Listrac Olivia
69%
48 Élève du master + fille d'un célèbre chef + petite-amie de n°28 Saneka Emi
68%
25 Ancienne assistante + sœur de n°24 Rigaut Laetitia
67%
14 Autre fils caché du fondateur + neveu de n°10 Teyssier Axel
65%
33 Directeur technique de l'institut + mari de n°2 Gueraud Joachim
64%
39 Élève + poly amoureuse Martin Ambre
61%
38 Élève de 1ère année + fils de n°37 Cardone Ethan
61%
47 Collègienne + sœur de n°28 et 47 Lanneau Inès
60%
16 Ancien professeur de salle Inesta Lissandro
58%
34 Ancienne élève exclue de l'institut + meilleure amie de n°13 Gueraud Marta
58%
40 Élève étrangère n'ayant pas de visa pour étudier Syed Deva
55%
3 Ex-directeur adjoint + exemple-mari de n°2 Devaut Guillaume
53%
37 Directrice d'une école à Lille Cardone Annabelle
52%
21 Chef de renommé + père de n°20 Delobel Benoit
48%
44 Élève + ami d'enfance de n°19 + battu par n°55 Gauthier David
48%
45 Élève italien du master Rossi Livio
45%
51 Élève parti à Lille + fils de n°46 + frère de n°49 Leroy Thibaut
44%
27 Professeur de boulangerie + père de n°26 Lacroix Thomas
43%
15 Ancien professeur de pâtisserie Landiras Zacharie
40%
55 Professeur de salle renommé ayant des pratiques violentes Du Chesnay Hippolyte
31%
32 Mère des sœurs rochemont Rochemont Eugenie
17%
Aucun quiz correspondant
Distribution des résultats
% des personnes avec chaque résultat
Percentile par nombre de réponses
Votre historique - résultats
Vous n’avez pas pris ce quiz depuis la dernière actualisation